Loading...
| Literature - British Literature | 0 | 5 | 0 | 0 | 50 | 44 | 77.60 | 1 | 4 |
| Fine Arts - Other Fine Arts | 0 | 4 | 0 | 2 | 40 | 83 | 107.50 | 1 | 2 |
| Mythology | 0 | 4 | 0 | 2 | 40 | 57 | 76.50 | 1 | 2 |
| Literature - American Literature | 0 | 2 | 0 | 0 | 20 | 45 | 49.00 | 1 | 1 |
| Social Science | 0 | 1 | 0 | 0 | 10 | 101 | 101.00 | 0 | 0 |
| Geography/Current Events | 0 | 1 | 0 | 0 | 10 | 27 | 27.00 | 1 | 1 |
| Literature - European Literature | 0 | 1 | 0 | 0 | 10 | 112 | 112.00 | 0 | 0 |
| Literature - World/Other Literature | 0 | 1 | 0 | 1 | 10 | 148 | 148.00 | 0 | 0 |
| Science - Other Science | 0 | 1 | 0 | 0 | 10 | 85 | 85.00 | 0 | 0 |
| History - American History | 0 | 1 | 1 | 1 | 5 | 109 | 109.00 | 0 | 0 |
| Science - Chemistry | 0 | 0 | 0 | 0 | 0 | 0.00 | 0 | 0 | |
| Fine Arts - Visual Fine Arts | 0 | 0 | 0 | 0 | 0 | 0.00 | 0 | 0 |